[Event "Sao Paulo Karman Cup"]
[Site "Sao Paulo"]
[Date "2019.08.17"]
[Round "4"]
[White "Grum, Amanda Soares"]
[Black "Viertler, Sabrina Camargo"]
[Result "0-1"]
[WhiteElo "1423"]
[BlackElo "1486"]
[PlyCount "72"]
[EventDate "2019.08.16"]
[EventType "swiss"]
[EventRounds "6"]
[EventCountry "BRA"]
[SourceTitle "EXT 2021"]
[Source "ChessBase"]
[SourceDate "2020.10.23"]
[SourceVersion "1"]
[SourceVersionDate "2020.10.23"]
[SourceQuality "1"]

1. e4 e6 2. d4 d5 3. exd5 exd5 4. Bd3 Nc6 5. Nf3 Bg4 6. c3 Nf6 7. 0-0 Qd7 8. Re1+ Be7 9. Bg5 0-0-0 10. b4 Nh5 11. Bxe7 Nxe7 12. a4 Nf4 13. Be2 Nxe2+ 14. Qxe2 Ng6 15. Nbd2 Rde8 16. Qd1 Rxe1+ 17. Qxe1 Bxf3 18. Nxf3 Re8 19. Qd2 f6 20. h3 a6 21. b5 axb5 22. axb5 Qxb5 23. Ra8+ Kd7 24. Rxe8 Kxe8 25. Qe3+ Kd7 26. Ne1 Qb1 27. Kh2 Qe4 28. Nd3 Qxe3 29. fxe3 Kd6 30. Kg3 b6 31. Kg4 c5 32. dxc5+ bxc5 33. Kf3 Ne5+ 34. Nxe5 Kxe5 35. Ke2 Ke4 36. g4 g5 0-1

[Event "Sao Paulo Karman Cup"]
[Site "Sao Paulo"]
[Date "2019.08.17"]
[Round "3"]
[White "Viertler, Sabrina Camargo"]
[Black "Son, Augusto Chan Ho"]
[Result "1/2-1/2"]
[WhiteElo "1486"]
[BlackElo "1762"]
[PlyCount "95"]
[EventDate "2019.08.16"]
[EventType "swiss"]
[EventRounds "6"]
[EventCountry "BRA"]
[SourceTitle "EXT 2020"]
[Source "ChessBase"]
[SourceDate "2019.10.17"]
[SourceVersion "1"]
[SourceVersionDate "2019.10.17"]
[SourceQuality "1"]

1. e4 e6 2. d4 d5 3. exd5 exd5 4. Bd3 Nc6 5. c3 Nf6 6. h3 Qd6 7. Nf3 Be6 8. Nbd2 0-0-0 9. Ng5 Re8 10. 0-0 Kb8 11. b4 h6 12. Nxe6 Rxe6 13. Nb3 Ne4 14. Qc2 a6 15. a4 Qd7 16. b5 Rg6 17. Bxe4 dxe4 18. Kh1 Na7 19. bxa6 Rxa6 20. a5 f5 21. f3 exf3 22. Rxf3 Re6 23. Bf4 g6 24. Be5 Rg8 25. Raf1 Qc6 26. Kh2 Bd6 27. Bxd6 Qxd6+ 28. Kh1 Rge8 29. Nc5 Re2 30. Qb1 Qc6 31. R3f2 Nb5 32. Qc1 b6 33. axb6 cxb6 34. Nd3 Qxc3 35. Rxe2 Rxe2 36. Qxc3 Nxc3 37. Nf4 Re4 38. Nxg6 Rxd4 39. Rxf5 Rd6 40. Rf3 Rxg6 41. Rxc3 Kb7 42. Kg1 Rf6 43. Rc2 b5 44. g4 Kb6 45. h4 Rf4 46. Rg2 b4 47. g5 hxg5 48. hxg5 1/2-1/2

[Event "Sao Paulo Karman Cup"]
[Site "Sao Paulo"]
[Date "2019.08.16"]
[Round "2"]
[White "Hacker, Lucas Wey"]
[Black "Viertler, Sabrina Camargo"]
[Result "0-1"]
[WhiteElo "1331"]
[BlackElo "1486"]
[PlyCount "82"]
[EventDate "2019.08.16"]
[EventType "swiss"]
[EventRounds "6"]
[EventCountry "BRA"]
[SourceTitle "EXT 2020"]
[Source "ChessBase"]
[SourceDate "2019.10.17"]
[SourceVersion "1"]
[SourceVersionDate "2019.10.17"]
[SourceQuality "1"]

1. e4 e6 2. d4 d5 3. e5 c5 4. c3 Qb6 5. Nd2 cxd4 6. cxd4 Qxd4 7. Ngf3 Qb6 8. Nb3 Nc6 9. Be3 Bb4+ 10. Nfd2 Qc7 11. Bd3 Nxe5 12. Qe2 Nxd3+ 13. Qxd3 Bd6 14. Rc1 Qd8 15. 0-0 Ne7 16. Rc3 e5 17. Bc5 Bxc5 18. Nxc5 0-0 19. Rfc1 b6 20. Ncb3 Bb7 21. Rc7 Rb8 22. a4 Qd6 23. Ne4 Qe6 24. Ng5 Qg6 25. Qg3 Nf5 26. Qxe5 Qxg5 27. f4 Qg6 28. a5 d4 29. R1c2 Nh4 30. Qg5 Qxg5 31. fxg5 d3 32. Rd2 Be4 33. Rxa7 bxa5 34. Nc5 Bf5 35. Rxa5 Ra8 36. Ra3 Rxa3 37. bxa3 Rc8 38. Nb7 Rc2 39. Rd1 Rxg2+ 40. Kf1 d2 41. a4 Bd3# 0-1

[Event "BRA-ch Amateur U1600"]
[Site "Sao Paulo"]
[Date "2019.06.21"]
[Round "3"]
[White "Viertler, Sabrina Camargo"]
[Black "Dos Santos, Weverton Natan Ferr"]
[Result "1-0"]
[WhiteElo "1461"]
[BlackElo "1568"]
[PlyCount "57"]
[EventDate "2019.06.20"]
[EventType "swiss"]
[EventRounds "7"]
[EventCountry "BRA"]
[SourceTitle "CBM 195 Extra"]
[Source "ChessBase"]
[SourceDate "2020.05.31"]
[SourceVersion "1"]
[SourceVersionDate "2020.05.31"]
[SourceQuality "1"]

1. e4 c5 2. Nf3 e6 3. d4 cxd4 4. Nxd4 Nc6 5. Nc3 Qc7 6. Be2 a6 7. a3 Nf6 8. 0-0 Be7 9. Be3 0-0 10. Kh1 Rd8 11. f4 d6 12. Nb3 b5 13. Bf3 Bb7 14. Qe2 Nd7 15. Qf2 Rac8 16. Rad1 Na5 17. Nxa5 Qxa5 18. Qd2 Qc7 19. Qf2 Nc5 20. f5 Rf8 21. Qg3 exf5 22. exf5 Bxf3 23. Bh6 Bxg2+ 24. Qxg2 Bf6 25. Bxg7 Bxg7 26. f6 Ne6 27. fxg7 Nxg7 28. Nd5 Qd8 29. Rg1 1-0

[Event "Paulista-ch"]
[Site "Sao Paulo"]
[Date "2018.11.11"]
[Round "6"]
[White "Haraguchi, Matheus Sashaki"]
[Black "Viertler, Sabrina Camargo"]
[Result "0-1"]
[WhiteElo "1585"]
[BlackElo "1265"]
[PlyCount "48"]
[EventDate "2018.11.09"]
[EventType "swiss"]
[EventRounds "6"]
[EventCountry "BRA"]
[SourceTitle "CBM 187 Extra"]
[Source "ChessBase"]
[SourceDate "2018.11.04"]
[SourceVersion "1"]
[SourceVersionDate "2018.11.04"]
[SourceQuality "1"]

1. c4 e5 2. Nc3 Nf6 3. d3 Nc6 4. Nf3 g6 5. g3 Bg7 6. Bg2 0-0 7. 0-0 d6 8. Rb1 a5 9. a3 h6 10. b4 axb4 11. axb4 Be6 12. Bd2 Nd7 13. Qc1 Kh7 14. Ne1 f5 15. f4 exf4 16. Rxf4 Nf6 17. Rh4 Ng4 18. h3 Bd4+ 19. Kh1 Nf2+ 20. Kh2 Be5 21. Bxh6 Qxh4 22. Bxf8 Qxg3+ 23. Kg1 Nxh3+ 24. Kh1 Qh2# 0-1